Alternativas tecnológicas para la producción de biodiesel /
Guardado en:
| Otros Autores: | |
|---|---|
| Formato: | Manuscrito |
| Idioma: | Spanish |
| Publicado: |
2008.
|
| Materias: | |
| Etiquetas: |
Agregar Etiqueta
Sin Etiquetas, Sea el primero en etiquetar este registro!
|
| LEADER | 01103ntm a22002535a 4500 | ||
|---|---|---|---|
| 001 | EIQ.libpla004186 | ||
| 008 | 081010s2008####ag#a#####bm###000#0#spa#d | ||
| 005 | 20140428103552.0 | ||
| 245 | 1 | 0 | |a Alternativas tecnológicas para la producción de biodiesel / |c Jorge Mario Marchetti. |
| 260 | |c 2008. | ||
| 300 | |a 183 h. : |b il. (algunas col.) ; |c 30 cm. | ||
| 502 | |a Tesis (doctorado)--Universidad Nacional del Sur. Departamento de Ingeniería Quimica, 2008. | ||
| 500 | |a Director de tesis: Dra. Noemí Susana Schbib y Dra. Marisa Noemí Pedernera. | ||
| 504 | |a Incluye referencias bibliográficas. | ||
| 100 | 1 | |a Marchetti, Jorge Mario. |4 dis | |
| 710 | 2 | |a Universidad Nacional del Sur. |b Departamento de Ingeniería Química |4 dgg. | |
| 650 | 4 | |a Química industrial |x Combustibles | |
| 650 | 4 | |a Química industrial |x Biodiesel | |
| 650 | 7 | |a Química industrial |x Aceites vegetales | |
| 650 | 7 | |a Industrial Chemistry |x Fuel | |
| 650 | 7 | |a Industrial Chemistry |x Biodiesel | |
| 650 | 7 | |a Industrial Chemistry |x Vegetable oils | |
| 040 | |a AR-BbSID |b spa |c AR-BbSID | ||
| 859 | |a AR-BbSID |b BIB. PLAPIQUI |h 662.669 |i M 332 |p 6098 | ||
